000 01963nam a2200229 a 4500
001 000003223
005 20240502105557.0
008 090707d2006 dr a 000 j spa d
020 _a9945410121
020 _a9789945410129
040 _aDO-SdBNP
_bspa
_cBNPHU
082 _aRD863.44
_bD542n, 2006
100 1 _aDíaz Grullón, Virgilio,
_d1924-2001
_b1924-2001
_9501
245 1 0 _aDe niños, hombres y fantasmas /
_cVirgilio Díaz Grullón.
260 _aSanto Domingo :
_bArgos,
_c2006.
300 _a141 p. :
_bil. ;
_c22 cm.
505 0 _gPresentación a la primera edición --
_tA manera de prólogo --
_tDe niños--
_tEl pozo sin fondo --
_tEl reloj --
_tPesadilla --
_tEl pequeño culpable --
_tLa campana rota --
_tEl aprendiz de brujo --
_tLa enemiga --
_tMatar un ratón --
_tPunto de vista -
_tMatum --
_gHombres --
_tCaín --
_tJornada completa --
_tEdipo --
_tLa puntualidad del señor Martínez --
_tPropiedad privada --
_tLa rebelión --
_tVecindad --
_tFiebre --
_tEl corcho sobre el río --
_tDos pesos para Cirilo --
_tUn epitafio para Don Justo --
_tA través del muro --
_tCrónica policial --
_tPas de deux --
_tEstampa folklórica --
_tLegaslismo --
_tEl sedicioso --
_tEl uno y el otro --
_tBiografía de un suicidia --
_tLa única verídica versión de la muerte de Jhonny Watson relatada por él mismo --
_tCatatónico --
_gY fastamas --
_tCírculo --
_tSu amigo Arcadio --
_tLa resignada inmortalidad de Don Cástulo --
_tRetorno --
_tMás allá del espejo --
_tDoble personalidad --
_tÍcaro --
_tEl diario inconcluso --
_tVertiginoso tiempo --
_tLa verdadera pesadilla --
_tLa mutación --
_tViaje al microcosmo --
_tLa trampa --
_tEl cuento sin título --
_tFalso embarazo --
_tLa pareja --
_tLa broma póstuma --
_tLa invasión --
_tEl maleficio --
_gLos algarrobos también sueñan --
_tLos algarrobos también sueñan
590 _aInventariado, 2020/MFF
650 0 _aCuentos dominicanos
_9176
650 0 _aLiteratura dominicana.
_967
910 _aValidado. Control de calidad MMOLINA
999 _c3054
_d3054